Cargando...

The Hermes fall /

Detalles Bibliográficos
Autor Principal: Baxter, John, 1939-
Formato: Printed Book
Idioma:English
Publicado: New York : Granada Publishing, c1978.
Subjects:
LEADER 00706cam a2200193 i 4500
008 780103s1978 nyu 000 1 eng
010 |a  77028894  
020 |a 0671240552 
041 |a en 
100 1 |a Baxter, John,  |d 1939- 
245 1 4 |a The Hermes fall /  |c John Baxter. 
260 |a New York :  |b Granada Publishing,  |c c1978. 
300 |a 271 pages.  |c 18 cm. 
650 7 |2 fast  |9 1169593  |a Science fiction, Australian 
650 7 |2 fast  |9 1169615  |a Science fiction, English 
906 |a 7  |b cbc  |c orignew  |d 1  |e ocip  |f 19  |g y-gencatlg 
942 |c BK 
999 |c 361154  |d 361154 
952 |0 0  |1 0  |2 ddc  |4 0  |7 3  |9 419944  |a UL  |b UL  |c PROC  |d 2021-09-14  |e Donated by IG Bhaskara Panikker family.  |i G14342  |l 0  |p G14342  |r 2021-09-14  |w 2021-09-14  |y BK